The Incredibles 2 / (Record no. 22557)
| 000 -LEADER | |
|---|---|
| fixed length control field | 04056nam a22003257a 4500 |
| 005 - DATE AND TIME OF LATEST TRANSACTION | |
| control field | 20260416114158.0 |
| 008 - FIXED-LENGTH DATA ELEMENTS--GENERAL INFORMATION | |
| fixed length control field | 260416b xxu||||| |||| 00| 0 eng d |
| 040 ## - CATALOGING SOURCE | |
| Original cataloging agency | Cagayan State University |
| 082 ## - DEWEY DECIMAL CLASSIFICATION NUMBER | |
| Classification number | 719. 4372 |
| Item number | In37w |
| 245 ## - TITLE STATEMENT | |
| Title | The Incredibles 2 / |
| Statement of responsibility, etc | directed and written by Bird, Brad. |
| 260 ## - PUBLICATION, DISTRIBUTION, ETC. (IMPRINT) | |
| Place of publication, distribution, etc | United States : |
| Name of publisher, distributor, etc | Walt Disney Pictures, Pixar Animation Studios, |
| Date of publication, distribution, etc | 2004. |
| 300 ## - PHYSICAL DESCRIPTION | |
| Extent | 1 video file (ca. 118 mins.) : |
| Other physical details | sound, color. |
| 520 ## - SUMMARY, ETC. | |
| Summary, etc | The Incredibles family takes on a new mission which involves a change in family roles: Bob Parr (Mr. Incredible) must manage the house while his wife Helen (Elastigirl) goes out to save the world. While the Parr family has accepted its collective calling as superheroes, the fact remains that their special heroism is still illegal. After they are arrested after unsuccessfully trying to stop the Underminer, their future seems bleak. However, the wealthy Deavor siblings of Devtech offer new hope with a bold project to rehabilitate the public image and legal status of Supers, with Elastigirl being assigned on point to be the shining example. Having agreed for now to stay home to look after the kids, Mr. Incredible finds domestic life a daunting challenge, especially when baby Jack-Jack's newly-emerged powers make him almost impossible to manage. However, Elastigirl has her own concerns dealing with the menace of a new supervillain, Screenslaver, who is wreaking havoc with his mind-control abilities. Elastigirl must solve the mystery of this enemy who has malevolent designs on the world, with the Parr family and friends key targets of this evil. After the events of The Incredibles (2004), the extraordinary Parr family still balances between legality and illegality. And before long, they have a brush with Metroville's police after leaving a trail of destruction during an epic battle. But with the federal government shutting down the secret superhero program, upbeat benefactor and telecommunications tycoon Winston Deavor and his sister Evelyn approach the family to restore the Parrs' tarnished public image. However, only Elastigirl will get to be the campaign's new face. As a result, once-popular Mr Incredible now juggles his responsibilities as a parent at home, clearing the way for the invincible super-mum to confront the city's latest mega-villain. Can the Incredibles handle the new reality? Now accepting the fact they are superheroes, the Parr family still know that heroism is illegal according to the established law that prevents them from helping people. But their lives in hiding are cut short when a wealthy philanthropist approaches Mr. Incredible and Elastigirl with the idea to remove the law and make their heroic acts legal. And Elastigirl is chosen to help lead this plan, leaving Mr. Incredible in charge of the kids. Things get even more complicated when a terrifying new menace called the Screenslaver shows up and threatens to abolish Elastigirl's attempt to restore heroism. Who is the Screenslaver? Can the Parrs save the world from chaos and destruction? Can the heroic freedom be restored? A superhero must go on another mission while undercover to protect themselves more than ever. Along the way, multiple new superpowers come out. They do their absolute best to balance their personal lives with their superhero lives. It is a matter of time that they are accepted for who they really are. |
| 546 ## - LANGUAGE NOTE | |
| Language note | In English French, German, Italian, Portuguese, Russian. |
| 650 ## - SUBJECT ADDED ENTRY--TOPICAL TERM | |
| Topical term or geographic name as entry element | Animation. |
| 650 ## - SUBJECT ADDED ENTRY--TOPICAL TERM | |
| Topical term or geographic name as entry element | Action. |
| 650 ## - SUBJECT ADDED ENTRY--TOPICAL TERM | |
| Topical term or geographic name as entry element | Adventure. |
| 650 ## - SUBJECT ADDED ENTRY--TOPICAL TERM | |
| Topical term or geographic name as entry element | Comedy. |
| 650 ## - SUBJECT ADDED ENTRY--TOPICAL TERM | |
| Topical term or geographic name as entry element | Family. |
| 650 ## - SUBJECT ADDED ENTRY--TOPICAL TERM | |
| Topical term or geographic name as entry element | Sci- Fi. |
| 650 ## - SUBJECT ADDED ENTRY--TOPICAL TERM | |
| Topical term or geographic name as entry element | Thriller. |
| 700 ## - ADDED ENTRY--PERSONAL NAME | |
| Personal name | Bird,Brad director and writter. |
| 700 ## - ADDED ENTRY--PERSONAL NAME | |
| Personal name | Lasseter, John executive producer. |
| 700 ## - ADDED ENTRY--PERSONAL NAME | |
| Personal name | Walker, John 1956- and Grindle, Nicole Paradis producer. |
| 700 ## - ADDED ENTRY--PERSONAL NAME | |
| Personal name | Giacchino, Michael, composer. |
| 700 ## - ADDED ENTRY--PERSONAL NAME | |
| Personal name | Schaffer, Stephen editor. |
| 710 ## - ADDED ENTRY--CORPORATE NAME | |
| Corporate name or jurisdiction name as entry element | Pixar (firm), production company. |
| 710 ## - ADDED ENTRY--CORPORATE NAME | |
| Corporate name or jurisdiction name as entry element | Walt Disney Pictures, production company. |
| 942 ## - ADDED ENTRY ELEMENTS (KOHA) | |
| Source of classification or shelving scheme | |
| Item type | Audio-Visual Materials |
| Price effective from | Permanent location | Date last seen | Not for loan | Date acquired | Source of classification or shelving scheme | Koha item type | Collection code | Shelving location | Damaged status | Lost status | Withdrawn status | Current location | Full call number |
|---|---|---|---|---|---|---|---|---|---|---|---|---|---|
| 2026-04-16 | Cagayan State University - Carig Library | 2026-04-16 | 2026-04-16 | Audio-Visual Materials | Electronic Media Center | Book Cart | Cagayan State University - Carig Library | 719. 4372 In37w |